La peste escarlata / (Registro nro. 5350)

Detalles MARC
000 -CABECERA
Longitud fija campo de control 00910nam a2200289 a 4500
003 - • IDENTIFICADOR DELl NÚMERO DE CONTROL
Identificador del número de control CO-ViMGA
008 - • CÓDIGOS DE INFORMACIÓN DE LONGITUD FIJA
Códigos de información de longitud fija 141112s2004 ck r 000 u spa d
020 ## - • NÚMERO INTERNACIONAL NORMALIZADO PARA LIBROS
Número Internacional Normalizado para Libros (ISBN) 9789588654737
040 ## - FUENTE DE LA CATALOGACIÓN
Centro catalogador de origen CO-ViMGA
Lengua de catalogación spa
Centro transcriptor CO-ViMGA
041 ## - • CÓDIGO DE LENGUA
Código de lengua del texto/banda sonora o título independiente SPA
100 1# - • PUNTO DE ACCESO PRINCIPAL-NOMBRE DE PERSONA
Nombre de persona London, Jack, 1876 - 1916
245 10 - • TITULO PROPIAMENTE DICHO
Título La peste escarlata /
Mención de responsabilidad, etc. Jack London ; ilustraciones Luis Scafati ; traducción Marcial Souto
250 ## - • MENCIÓN DE EDICIÓN
Mención de edición 1a ed.
300 ## - • DESCRIPCIÓN FÍSICA
Extensión 113 p. : il. col.
490 ## - • MENCIÓN DE SERIE
Mención de serie Illustrata
500 ## - • NOTA GENERAL
Nota general Título original : The scarlet plague.
650 14 - • PUNTO DE ACCESO ADICIONAL DE MATERIA - TÉRMINO DE MATERIA
Término de materia o nombre geográfico como elemento inicial AUTORES ESTADOUNIDENSES
650 14 - • PUNTO DE ACCESO ADICIONAL DE MATERIA - TÉRMINO DE MATERIA
Término de materia o nombre geográfico como elemento inicial FIN DEL MUNDO - NOVELA
650 14 - • PUNTO DE ACCESO ADICIONAL DE MATERIA - TÉRMINO DE MATERIA
Término de materia o nombre geográfico como elemento inicial NOVELA ESTADOUNIDENSE - SIGLO XIX
650 14 - • PUNTO DE ACCESO ADICIONAL DE MATERIA - TÉRMINO DE MATERIA
Término de materia o nombre geográfico como elemento inicial PLAGAS - NOVELA
700 1# - • PUNTO DE ACCESO ADICIONAL - NOMBRE DE PERSONA
Nombre de persona Scafati, Luis, 1947 -
700 1# - • PUNTO DE ACCESO ADICIONAL - NOMBRE DE PERSONA
Nombre de persona Souto, Marcial
942 ## - ENTRADA DE ELEMENTOS AGREGADOS (KOHA)
Fuente de clasificaión o esquema Dewey Decimal Classification
Koha [por defecto] tipo de item LIbro
Existencias
Perdido Fuente de clasificación o esquema Estado Físico No para préstamo Localización permanente Localización actual Localización en estanterías Fecha adquisición Préstamos totales Signatura completa Código de barras Fecha última consulta Número de copia Fecha del precio de reemplazo Tipo de item de Koha Forma de adquisición Serie de enumeración / cronolog&íacute;a Número de registro Note pública
  Dewey Decimal Classification     Biblioteca Pública Cubarral Biblioteca Pública Cubarral Literatura 07/28/2023   N LON1 CUB01377 07/28/2023 Ej.1 07/28/2023 Libro Literatura Colección General      
  Dewey Decimal Classification     Biblioteca Pública Dorado Biblioteca Pública Dorado Literatura 02/01/2023   NLON1 DOR01505 02/01/2023 Ej.1 02/01/2023 Libro Literatura Colección General      
  Dewey Decimal Classification     Biblioteca Comunitaria - Villavicencio Biblioteca Comunitaria - Villavicencio   12/04/2015   N LON1 27077 12/04/2015 Ej. 2 12/04/2015 LIbro Sala General 29/ago/2014    
  Dewey Decimal Classification     Biblioteca Pública Cabuyaro Biblioteca Pública Cabuyaro Literatura 06/27/2023   NLON1 CAB000381 06/27/2023 Ej.1 06/27/2023 Libro Literatura Colección General      
        Biblioteca Pública Departamental Eduardo Carranza - Villavicencio Biblioteca Pública Departamental Eduardo Carranza - Villavicencio General 12/05/2014   N LON1 ECA23362 11/26/2024 Ej.1 11/26/2024 LIbro Sala General     17413 | 22342
  Dewey Decimal Classification     Biblioteca Pública Germán Arciniegas - Villavicencio Biblioteca Pública Germán Arciniegas - Villavicencio   12/04/2015   N LON1 010591 12/04/2015 Ej. 1 12/04/2015 LIbro Sala General Segundo Piso 10/jul/2014    
  Dewey Decimal Classification     Biblioteca Pública Mapiripan Biblioteca Pública Mapiripan Literatura 01/17/2024   N LON1 MAP00002248 01/17/2024 Ej.1 01/17/2024 LIbro Sala General      
  Dewey Decimal Classification     Biblioteca Pública Mesetas - Franco lodo Poloxi Biblioteca Pública Mesetas - Franco lodo Poloxi Literatura 10/07/2024   N LON1 ME000254 10/07/2024 Ej.1 10/07/2024 LIbro     9789588654737  
  Dewey Decimal Classification     Biblioteca Pública Puerto Rico Biblioteca Pública Puerto Rico Literatura 12/13/2022   NLON1 PRL000000131 12/13/2022 Ej.1 12/13/2022 Libro Literatura        
  Clasificación Local Facetada     Biblioteca Pública San Juanito - Ernesto Maria Peña Romero Biblioteca Pública San Juanito - Ernesto Maria Peña Romero Literatura 12/16/2025   N LON1 SJU02449 12/16/2025 Ej.1 12/16/2025 Libro Literatura Literatura General      
  Dewey Decimal Classification     Biblioteca Pública Uribe - Reinerio Arenas Biblioteca Pública Uribe - Reinerio Arenas Literatura 10/01/2024   N LON1 URI01530 10/01/2024 Ej.1 10/01/2024 Libro Literatura Colección General      









Instituto Departamental de Cultura del Meta - Red Departamental de Bibliotecas Públicas del Meta.